000 00612nam a2200241Ia 4500
003 OSt
005 20220918225442.0
006 a|||||r|||| 00| 0
007 ta
008 220917b |||||||| |||| 00| 0 eng d
024 _a241,810
037 _cTextual
040 _aARTS
_cARTS
_beng
041 _2eng
_aeng
082 _aQ1, L8
100 _aWilliam Corlett
_9150461
245 0 _aHindu sound
260 _aLondon
_bHanish Hamilton
_c1978
650 _aRELIGION
700 _a Moore John
_950359
942 _hQ1, L8
_cTEXL
_2CC
999 _c284755
_d284755